000 00830cab a2200229 4500
001 WB3420-01
008 090401t1998 xxu||||| |||| 00| 0 eng d
035 _a(Sirsi) u86409
041 _aeng
245 _aConstruction sustainability
260 _c1998
350 _a0
490 _aBuilding
_v258(8040) 22 May 1998, 8(1)
520 _aPerformance indicators in the form of benchmarks, to monitor the construction industry which aims to improve its susstainability is being considered by government, according to a consultation paper, "Opportunities for change: sustainable construction" DETR.
650 _aBENCHMARKING
650 _aCONSTRUCTION INDUSTRY
650 _aPERFORMANCE INDICATORS
650 _aSustainability
_96271
690 _aBUILDING AND CONSTRUCTION-CONTROL
942 _n0
948 _c27/05/1998
999 _c54377
_d54377